• 首页
  • 本馆介绍
  • 公告通知
  • 最新文献
  • 馆藏检索
  • 电子资源
  • 读者导购
  • 参考咨询
  • 我的图书馆
  • 登录
  • 详细信息显示
  • 放入我的书架
  • 预约/预借图书
  • 作者相关作品
  • 分类相关作品
  • 丛书相关作品
  • 出版社相关作品

书目信息

  • 表格格式
  • 工作单格式
  • 卡片格式
题名:
区域管理与发展
    
 
作者: 王铮 著
分册:  
出版信息: 北京   科学出版社  2000
页数: 256页
开本: 20cm
丛书名: 经济发展与地方管理丛书
单 册:
中图分类: F207
科图分类:
主题词: 区域发展--经济管理
电子资源:
ISBN: 7-03-008330-X
000 00669nam0 2200229 45
001 0306240916
005 20031219104112.5
010    @a7-03-008330-X@dCNY17.00
100    @a20030624d2000 km y0chiy0120 ea
101 0  @achi
105    @a z 000yy
200 1  @a区域管理与发展@AQu Yu Guan Li Yu Fa Zhan@f王铮著@FWang Zheng Zhu
210    @a北京@c科学出版社@d2000
215    @a256页@d20cm
225    @a经济发展与地方管理丛书@f王铮主编
410    @12001 @a经济发展与地方管理丛书
410    @1700 0@a王铮@AWang Zheng@4主编
606 0  @a区域发展@x经济管理
690    @aF207@v4
701  0 @a王铮@4著
801    @aCN@bTSTC@c20030624
905    @b324470-472@dF207@e42@f3
    
    区域管理与发展/王铮著.-北京:科学出版社,2000
    256页;20cm.-(经济发展与地方管理丛书/王铮主编)
    
    
    ISBN 7-03-008330-X:CNY17.00
    
●
相关链接 在E读中查询图书 在五车中查询图书 在当当中查询图书 在豆瓣中查询图书


正题名:区域管理与发展     索取号:F207/42         预约/预借

序号 登录号 条形码 馆藏地/架位号 状态 备注
1 0324470   203244701   第一借阅区/ [索取号:F207/42] 在馆    
2 0324471   203244710   第一借阅区/ [索取号:F207/42] 在馆    
3 0324472   203244729   第一样本阅览室/ [索取号:F207/42] 在馆    
唐山师范学院图书馆 欢迎您!
大连网信软件有限公司© 版权所有